Normal view
MARC view
Entry Término temático
001 - NÚMERO DE CONTROL
- campo de control: 24493
003 - IDENTIFICADOR DEL NÚMERO DE CONTROL
- campo de control: FranzMayer
005 - FECHA Y HORA DE LA ÚLTIMA TRANSACCIÓN
- campo de control: 20190320210830.0
008 - DATOS DE LONGITUD FIJA
- campo de control de longitud fija: 190320|| aca||aabn | a|a d
040 ## - FUENTE DE LA CATALOGACIÓN
- Centro catalogador/agencia de origen: FranzMayer
- Centro/agencia transcriptor: FranzMayer
150 ## - ENCABEZAMIENTO--TÉRMINO DE MATERIA
- Término de materia o nombre geográfico como elemento de entrada: Música medieval
- Subdivisión de forma: Congresos
- Subdivisión geográfica: España
670 ## - FUENTE DE DATOS ENCONTRADOS
- Cita de la fuente: Work cat.: (FranzMayer): Festival d´Elx de Teatre i Música Medieval 2 28 de octubre al 1 de noviembre Valencia 24490, II Festival D´Elx de Teatre I Música Medieval, (28 d´octubre a I de novembre 1992), 1992